|
|
|
|
| LEADER |
00000nam0a2200000 4500 |
| 001 |
305895 |
| 005 |
20231102001838.0 |
| 035 |
|
|
|a (RuTPU)RU\TPU\book\331170
|
| 090 |
|
|
|a 305895
|
| 100 |
|
|
|a 20151001d1983 km y0rusy50 ca
|
| 101 |
0 |
|
|a rus
|
| 102 |
|
|
|a RU
|
| 105 |
|
|
|a a z 001zy
|
| 200 |
1 |
|
|a Траппы Курской магнитной аномалии
|f Н. М. Чернышов , В. С. Чесноков
|
| 210 |
|
|
|a Воронеж
|c Изд-во ВГУ
|d 1983
|
| 215 |
|
|
|a 276 с.
|c ил.
|
| 320 |
|
|
|a Библиогр.: с. 265-274
|
| 606 |
1 |
|
|a Траппы
|2 stltpush
|3 (RuTPU)RU\TPU\subj\61551
|9 78739
|
| 610 |
1 |
|
|a Курская магнитная аномалия
|
| 610 |
1 |
|
|a геология
|
| 610 |
1 |
|
|a петрография
|
| 610 |
1 |
|
|a интрузивные массивы
|
| 610 |
1 |
|
|a эффузивные формации
|
| 610 |
1 |
|
|a минералогия
|
| 610 |
1 |
|
|a петрохимия
|
| 610 |
1 |
|
|a петрохимия
|
| 610 |
1 |
|
|a физические свойства
|
| 675 |
|
|
|a 552.313
|v 4
|
| 700 |
|
1 |
|a Чернышов
|b Н. М.
|g Николай Михайлович
|
| 701 |
|
1 |
|a Чесноков
|b В. С.
|g Владимир Семенович
|
| 801 |
|
1 |
|a RU
|b 63413507
|c 20151001
|
| 801 |
|
2 |
|a RU
|b 63413507
|c 20190426
|g RCR
|
| 942 |
|
|
|c BK
|